000 00512nam a2200181Ia 4500
008 100920s9999 xx 000 0 und d
082 _b90139
_a13 थ 63
100 _aPage Homer.
245 _aPuerto Rico : The Quiet Revolution.
260 _bTHE VIKING PRESS, NEW YORK.
_c1963
300 _a172
_bसाधी
365 _b0
520 _aटी.अे.
630 _aPuerto Rico : The Quiet Revolution.
650 _aटी.अे.
730 _aPuerto Rico : The Quiet Revolution.
942 _cBOOK
999 _c730630
_d730627